00571nam a22001697a 450000500170000000800410001704100080005808200130006610000380007924501150011726000510023230000210028336500240030450000470032894200070037599900190038220230601134600.0230601b |||||||| |||| 00| 0 eng d aeng a712bTAR aTarate Mayuri DNyaneshwar9181629 aRestoring Our Hills : Restoring Our Life: Planning Policies And For Re Establishing The Hill Ecosystem Of Pune aPunebBNCA M Arch Landscape Architecturec2023 a52pbHbc31 x 22 aINRb150.00cRupaye aBNCA M Arch Landscape Architecture Thesis  cPR c159697d159697